| 000 | 00632cac a22002055a 4500 | ||
|---|---|---|---|
| 005 | 20171219141007.0 | ||
| 008 | 111220t2005 maua frd 000 0 eng d | ||
| 020 | _a9780763732387 | ||
| 040 |
_aEG-ScBUE _beng _cEG-ScBUE |
||
| 082 | 0 | 4 |
_a005.133 _bDAL _222 |
| 100 | 1 | _aDale, Nell (Nell B.) | |
| 245 | 1 | 2 |
_aA laboratory course in C++ / _cNell Dale. |
| 250 | _a4th ed. | ||
| 260 |
_aBoston : _bJones and Bartlett, _cc.2005. |
||
| 300 |
_axii , 390 p. : _bill. ; _c24 cm. |
||
| 500 | _aGlossary : p. 420-431. | ||
| 590 | _aDoha Ragab | ||
| 650 | 7 |
_aC++ (Computer program language) _93406 _2BUEsh |
|
| 653 |
_bCOMSCI _cAugust2017 _cDecember2017 |
||
| 999 |
_c218 _d218 |
||